Princesses Disney par images - Statistiques

Statistiques générales
  • Ce quiz a été pris 147 fois
  • Le résultat moyen est 12 sur 13
Statistiques - réponses
Par images Réponse % Correct
Blanche Neige
100%
Ariel
99%
Mulan
99%
Jasmine
98%
Cendrillon
97%
Raiponce
97%
Aurore
96%
Belle
95%
Vaiana
95%
Tiana
89%
Pocahontas
88%
Mérida
77%
Raya
69%
Aucun quiz correspondant
Distribution des résultats
% des personnes avec chaque résultat
Percentile par nombre de réponses
Votre historique - résultats
Vous n’avez pas pris ce quiz